[Event "Premier Quad, S40319"]
[Site "CCLA"]
[Date "2014.09.26"]
[Round "?"]
[White "Shannon, Paul D."]
[Black "Stroup, Jim"]
[Result "0-1"]
[WhiteElo "1832"]
[BlackElo "1768"]

1. d4 Nf6 2. c4 e6 3. g3 c5 4. d5 exd5 5. cxd5 d6 6. Bg2 g6 7. Nf3 Bg7 8. 
O-O O-O 9. Nc3 a6 10. Nd2 Re8 11. a4 Nbd7 12. h3 Rb8 13. e4 b5 14. axb5 
axb5 15. Qc2 c4 16. Re1 Ne5 17. f4 Nd3 18. Re2 Qb6+ 19. Kh2 Bd7 20. Nf1 b4
21. Nd1 Rbc8 22. Be3 Qb5 23. Bg1 b3 24. Qd2 Nxb2 25. Ra5 Qb8 26. Qxb2 Ng4+
0-1

[Event "Open Server Series, S40039"]
[Site "CCLA"]
[Date "2014.01.31"]
[Round "?"]
[White "Capuzzi, Gabriele"]
[Black "Disque, Philip"]
[Result "1-0"]
[WhiteElo "1775"]
[BlackElo "1669"]

1. d4 Nf6 2. c4 c5 3. d5 e6 4. Nc3 exd5 5. cxd5 d6 6. e4 g6 7. Bg5 a6 8. 
a4 Bg7 9. Nf3 O-O 10. Be2 Nbd7 11. Nd2 b6 12. Nc4 Qc7 13. O-O Re8 14. f3 
Bb7 15. Qd2 Ne5 16. Nxe5 Rxe5 17. Bf4 Ree8 18. Rac1 Nd7 19. Nd1 Ne5 20. 
Nf2 Bc8 21. Bh6 Bh8 22. b3 f6 23. Be3 h5 24. Rc2 a5 25. Bb5 Re7 26. Nd1 
Rg7 27. Nb2 Qe7 28. f4 Ng4 29. h3 Nxe3 30. Qxe3 Ba6 31. Bxa6 Rxa6 32. Nc4 
Qc7 33. e5 fxe5 34. fxe5 Re7 35. Qg5 Bxe5 36. Qxg6+ Rg7 37. Qe8+ Kh7 38. 
Qxh5+ Kg8 39. Qe8+ Kh7 40. Nxe5 dxe5 41. Rf8 Kh6 42. Rcf2 Qe7 43. R2f6+ 
Kg5 44. Rf5+ 1-0

[Event "2014 Server Championship, S40029"]
[Site "CCLA"]
[Date "2014.01.27"]
[Round "?"]
[White "Shnaiderman, Lazar"]
[Black "Anderson, Aaron J."]
[Result "0-1"]
[WhiteElo "2026"]
[BlackElo "2308"]

1. d4 Nf6 2. c4 e6 3. Nf3 c5 4. d5 exd5 5. cxd5 d6 6. Nc3 g6 7. Bf4 a6 8. 
e4 b5 9. Qe2 Be7 10. e5 dxe5 11. Bxe5 Nbd7 12. Bf4 O-O 13. d6 Bxd6 14. 
Bxd6 Re8 15. Ne5 b4 16. Na4 Nxe5 17. Bxe5 Ng4 18. f4 Bf5 19. Nxc5 Nxe5 0-1

[Event "Regular Quad, S40419"]
[Site "CCLA"]
[Date "2014.12.01"]
[Round "?"]
[White "Stevenson, Wayne"]
[Black "Strelecky, Rich"]
[Result "0-1"]
[WhiteElo "1540"]
[BlackElo "1584"]

1. d4 f5 2. e3 Nf6 3. Nf3 e6 4. Nbd2 b6 5. Bd3 Bb7 6. O-O Bd6 7. c3 O-O 8.
 Re1 c5 9. e4 Bf4 10. e5 Ng4 11. g3 Bxd2 12. Bxd2 cxd4 13. cxd4 a5 14. Rc1
Nc6 15. h3 Nh6 16. a3 Nf7 17. b4 Rc8 18. Bb5 Kh8 19. Qe2 h6 20. bxa5 Nxa5 
21. Nh4 Rxc1 22. Ng6+ Kg8 23. Bxc1 Re8 24. Be3 Ng5 25. Bxg5 Qxg5 26. Nf4 
Qe7 27. Qd3 Be4 28. Qc3 Qd8 29. Rc1 Bc6 30. Bd3 d6 31. Rb1 dxe5 32. dxe5 
Bb7 33. Be2 Be4 34. Rd1 Qa8 35. Qc7 Qc6 36. Rd7 Qxc7 37. Rxc7 Nc6 38. f3 
g5 39. Ng6 Nd4 40. Bc4 Nxf3+ 41. Kg2 Nxe5+ 42. Kf2 Nxg6 43. Rc8 Rxc8 44. 
Bxe6+ Kg7 45. Bxc8 f4 0-1

[Event "Regular Quad, S40329"]
[Site "CCLA"]
[Date "2014.09.26"]
[Round "?"]
[White "McLaughlin, Ed"]
[Black "Sullivan, Terry"]
[Result "1-0"]
[WhiteElo "1561"]
[BlackElo "1113"]

1. d4 f5 2. f4 d5 3. Nf3 Nf6 4. e3 Nc6 5. c4 g6 6. Nc3 a5 7. Qb3 Bh6 8. 
cxd5 O-O 9. dxc6+ e6 10. cxb7 Bxb7 11. Qxb7 Rc8 12. Bc4 a4 13. Bxe6+ Kh8 
14. Bxc8 Bxf4 15. exf4 Re8+ 16. Kf2 Qxc8 17. Qxc8 a3 18. Qxe8+ Kg7 19. 
Qe7+ Kg8 20. Ng5 h6 21. Qf7+ Kh8 22. Qxf6+ Kg8 23. Qf7+ Kh8 24. Qh7# 1-0

[Event "Regular Quad, S40379"]
[Site "CCLA"]
[Date "2014.11.10"]
[Round "?"]
[White "Rasmussen, Bruce A."]
[Black "Berger, Byron"]
[Result "1-0"]
[WhiteElo "1539"]
[BlackElo "1516"]

1. d4 f5 2. e3 e6 3. Nf3 Nf6 4. Bd3 b6 5. O-O Bb7 6. Ne5 d6 7. Nc4 Nbd7 8.
 b3 Be4 9. Nbd2 e5 10. f4 exd4 11. exd4 Bxd3 12. cxd3 Be7 13. Rf3 O-O 14. 
Rh3 Ng4 15. Ne3 Ndf6 16. Nxf5 Nd5 17. Qxg4 1-0

[Event "Herbert W. Gustafson Memorial Open, S47039"]
[Site "CCLA"]
[Date "2014.10.27"]
[Round "?"]
[White "Owens, Johnny"]
[Black "Quirk, Michael"]
[Result "1/2-1/2"]
[WhiteElo "2150"]
[BlackElo "2205"]

1. d4 f5 2. Bf4 Nf6 3. e3 g6 4. Nf3 d6 5. Bd3 Bg7 6. O-O O-O 7. Nbd2 Nc6 
8. c3 e6 9. Re1 h6 10. h3 Kh8 11. Bh2 e5 12. dxe5 dxe5 13. Bb5 e4 14. Bxc6
bxc6 15. Ne5 Qe8 16. Qa4 Bb7 17. Qb4 Rb8 18. Ndc4 Nd5 19. Qc5 a6 20. Re2 
Qe6 21. Rd2 Ba8 22. Qa7 g5 23. Re1 c5 24. Qxc5 Rfe8 25. a4 f4 26. exf4 
gxf4 27. Rxe4 Nxc3 28. Rxf4 Ne4 29. Rxe4 Bxe4 30. Bg3 Rbd8 31. Rxd8 Rxd8 
32. Kh2 Bd5 33. b3 Rb8 34. Ng6+ Qxg6 35. Qxd5 Rxb3 36. Ne5 Qc2 37. Nd7 
Rxg3 38. fxg3 Qxa4 39. Nc5 Qd4 40. Qa8+ Kh7 41. Ne6 Qe3 42. Nxg7 Kxg7 
1/2-1/2

[Event "2014 Server Championship, S40029"]
[Site "CCLA"]
[Date "2014.01.27"]
[Round "?"]
[White "Motta, Paul"]
[Black "Cross, Gregory W."]
[Result "1/2-1/2"]
[WhiteElo "2418"]
[BlackElo "2172"]

1. d4 f5 2. h3 Nf6 3. g4 d5 4. Bf4 fxg4 5. Nc3 c5 6. e3 Nc6 7. Nge2 Qb6 8.
 Bg2 cxd4 9. exd4 Bf5 10. hxg4 Bxg4 11. Bh3 Bf3 12. Rg1 Rd8 13. Rg3 Bxe2 
14. Qxe2 Nxd4 15. Qd3 Nh5 16. Be3 e5 17. Bxd4 Qxd4 18. Qb5+ Kf7 19. Rd1 
Qb4 20. Rf3+ Nf6 21. Rxd5 1/2-1/2

[Event "Regular Quad, S40379"]
[Site "CCLA"]
[Date "2014.11.10"]
[Round "?"]
[White "Miller, Allan A."]
[Black "Berger, Byron"]
[Result "1-0"]
[WhiteElo "1563"]
[BlackElo "1516"]

1. d4 f5 2. h3 Nf6 3. g4 e6 4. gxf5 exf5 5. Bg5 Be7 6. Bg2 d5 7. Nf3 Nc6 
8. Bxf6 Bxf6 9. c3 O-O 10. Qd3 g6 11. e3 b6 12. Nbd2 a5 13. h4 Ba6 14. Qc2
Re8 15. O-O-O f4 16. exf4 Re2 17. Ng5 Bxg5 18. hxg5 Rxf2 19. Bf3 Be2 20. 
Bxe2 Rxe2 21. Qd3 Rf2 22. Qh3 Qe7 23. Rde1 Qf7 24. Re6 Nd8 25. Rf6 Qg7 26.
 Qe3 1-0

[Event "Herbert W. Gustafson Memorial, S47159"]
[Site "CCLA"]
[Date "2014.10.27"]
[Round "?"]
[White "Leber, David"]
[Black "Mueller, Anthony"]
[Result "0-1"]
[WhiteElo "1375"]
[BlackElo "1367"]

1. d4 f5 2. Bg5 h6 3. Bh4 Nf6 4. Nf3 g5 5. Nxg5 hxg5 6. Bxg5 Nh7 7. Bh4 d5
8. e3 Qd6 9. Bd3 Nc6 10. Qh5+ Kd8 11. Bxf5 Bxf5 12. Qxf5 Nf6 13. O-O Rxh4 
14. g3 Rh5 15. Qd3 Ne4 16. Qe2 Qh6 17. h4 Qg6 18. Qf3 Nf6 19. Qg2 Ne4 20. 
Na3 Nd2 21. Rfd1 Nc4 22. Nxc4 dxc4 23. c3 Qc2 24. Rab1 Ra5 25. Rdc1 Qf5 
26. Qf1 Rxa2 27. Qxc4 Qa5 28. Qe2 Qa6 29. Qf3 Bh6 30. Qh5 Bf8 31. Qd5+ Ke8
32. Qh5+ Kd8 33. Rd1 Kd7 34. d5 Nd8 35. Qf5+ Ke8 36. Kg2 Qf6 37. Qd3 Nf7 
38. Re1 c6 39. Red1 Nd6 40. Re1 Ra5 41. dxc6 bxc6 42. f4 Rd5 43. Qf1 Ne4 
44. Qf3 Nd2 45. Qe2 Nxb1 46. Rxb1 Rad8 47. Qf3 Qd6 48. Kh3 Qe6+ 49. Kg2 
Rd2+ 50. Kf1 Qc4+ 51. Kg1 Qe2 52. Qxe2 Rxe2 53. Kf1 Rdd2 54. Kg1 Rxe3 55. 
Kf1 Rxg3 56. Ra1 Rh3 57. Rxa7 Rh1# 0-1

[Event "Winter Server Series, S40021"]
[Site "CCLA"]
[Date "2014.01.27"]
[Round "?"]
[White "Shannon, Paul D."]
[Black "Anderson, Clarence"]
[Result "1/2-1/2"]
[WhiteElo "1832"]
[BlackElo "1798"]

1. d4 f5 2. Bg5 g6 3. Nd2 Bg7 4. e3 Nh6 5. Bd3 Nf7 6. Bh4 d5 7. Ngf3 c5 8.
 c3 b6 9. O-O O-O 10. Qc2 Ba6 11. b4 Bxd3 12. Qxd3 c4 13. Qc2 Nd7 14. Qa4 
Bf6 15. Bxf6 Nxf6 16. Rad1 Ne4 17. Qc2 e6 18. Ne5 Nxe5 19. dxe5 Nxd2 20. 
Qxd2 Qd7 21. f4 a5 22. a3 axb4 23. axb4 Ra6 24. Qd4 Rfa8 25. Qxc4 Ra3 
1/2-1/2

[Event "NA Class C Server Championship, S40129"]
[Site "CCLA"]
[Date "2014.04.30"]
[Round "?"]
[White "Nurmi, Ronald"]
[Black "Smiley, William R."]
[Result "0-1"]
[WhiteElo "1438"]
[BlackElo "1530"]

1. d4 f5 2. Bg5 g6 3. Nc3 Bg7 4. h4 h6 5. Bf4 Nf6 6. e3 d6 7. Qf3 Nbd7 8. 
O-O-O c6 9. Bh2 O-O 10. Nge2 Re8 11. Ng3 Nf8 12. e4 fxe4 13. Ncxe4 N8h7 
14. Bd3 Bg4 15. Qe3 Bxd1 16. Rxd1 Ng4 17. Qf4 Nxh2 18. Ne2 e5 19. Qxh2 d5 
20. Nc5 e4 21. Nxb7 Qb6 22. Nc5 exd3 0-1

[Event " NA Class A Server Championship, S40109"]
[Site "CCLA"]
[Date "2014.04.30"]
[Round "?"]
[White "Ragan, Anthony"]
[Black "Shannon, Paul D."]
[Result "1-0"]
[WhiteElo "1900"]
[BlackElo "1832"]

1. d4 f5 2. Nc3 d5 3. Bg5 c6 4. f3 Qd6 5. e4 Qg6 6. Qd2 e6 7. exd5 exd5 8.
 O-O-O Bd6 9. Re1+ Kf7 10. Nh3 Nf6 11. Bd3 b5 12. Bf4 Rd8 13. Bxd6 Rxd6 
14. Nf4 Qh6 15. h4 Na6 16. g3 Nc7 17. Re5 g6 18. Re7+ Kg8 19. Rxc7 Qf8 20.
 Re1 Bd7 21. h5 Qd8 22. Rxd7 Nxd7 23. hxg6 hxg6 24. g4 g5 25. Ne6 1-0

[Event "3rd TCCL Friendly Server Tournament, 3rdTCCL"]
[Site "CCLA"]
[Date "2014.07.10"]
[Round "?"]
[White "Benson, Katie J."]
[Black "Latta, David A."]
[Result "0-1"]
[WhiteElo "1194"]
[BlackElo "1350"]

1. d4 f5 2. Nf3 g6 3. e3 Bg7 4. b3 Nc6 5. Bb2 Nf6 6. Bb5 d5 7. Bxc6+ bxc6 
8. O-O Ba6 9. Re1 Ne4 10. Nbd2 O-O 11. Nxe4 dxe4 12. Nd2 c5 13. dxc5 Bxb2 
14. Rb1 Bc3 15. b4 Bxd2 16. b5 Bxe1 17. Qxd8 Rfxd8 18. bxa6 Bc3 19. g3 Rd2
0-1

[Event "Herbert W Gustafson Memorial, S47129"]
[Site "CCLA"]
[Date "2014.10.27"]
[Round "?"]
[White "Shaffer, Aaron"]
[Black "Berger, Byron"]
[Result "0-1"]
[WhiteElo "1383"]
[BlackElo "1516"]

1. d4 f5 2. Nf3 e6 3. e3 Nf6 4. Nc3 Bb4 5. Bd2 Bxc3 6. Bxc3 O-O 7. Bd3 b6 
8. O-O Bb7 9. Bd2 d6 10. Re1 Nbd7 11. Ng5 Qe8 12. e4 h6 13. Nf3 Bxe4 14. 
Bxe4 Nxe4 15. Qe2 e5 16. dxe5 Nxe5 17. Nxe5 Qxe5 18. c3 Rae8 19. Qc4+ d5 
20. Qe2 Qd6 21. f3 Nxd2 22. Qxd2 Rxe1+ 23. Rxe1 Kf7 24. c4 dxc4 25. Qxd6 
cxd6 26. g4 fxg4 27. fxg4 Re8 28. Rxe8 Kxe8 29. h4 Ke7 30. Kf2 Ke6 31. Ke3
Ke5 0-1

[Event "Herbert W. Gustafson Memorial Open, S47039"]
[Site "CCLA"]
[Date "2014.10.27"]
[Round "?"]
[White "Owens, Johnny"]
[Black "Quanzaah, Emmanuel"]
[Result "1-0"]
[WhiteElo "2150"]
[BlackElo "2160"]

1. d4 e6 2. Nf3 f5 3. Bf4 Nf6 4. Nbd2 b6 5. e3 Bb7 6. Be2 Be7 7. c3 O-O 8.
 O-O Nh5 9. Ne5 Nxf4 10. exf4 d5 11. Qa4 Qd6 12. Rad1 a6 13. c4 Nc6 14. 
cxd5 Nxe5 15. dxe5 Qb4 16. Qxb4 Bxb4 17. dxe6 Rfd8 18. Bf3 Bxd2 19. Bxb7 
Rab8 20. e7 Rd4 21. Bc6 Kf7 22. e8=Q+ Rxe8 23. Bxe8+ Kxe8 24. g3 c5 25. 
Kg2 c4 26. Kf3 Ke7 27. Ke2 c3 28. bxc3 Bxc3 29. Rxd4 Bxd4 30. Kd3 Bc5 31. 
Rc1 Kd7 32. Rxc5 bxc5 33. Kc4 Kc6 34. a3 g6 35. a4 a5 36. h3 h6 37. f3 1-0

[Event "2nd TCCL Friendly Server Tournament, 2ndTCCL"]
[Site "CCLA"]
[Date "2014.06.15"]
[Round "?"]
[White "Lines, Daniel"]
[Black "Caliguire, John J."]
[Result "0-1"]
[WhiteElo "1589"]
[BlackElo "2233"]

1. d4 f5 2. Nf3 Nf6 3. Nc3 e6 4. Bg5 Be7 5. e3 O-O 6. Bd3 d6 7. O-O Nc6 8.
 Qd2 Bd7 9. a3 a6 10. e4 fxe4 11. Bxe4 Nxe4 12. Nxe4 h6 13. Bxe7 Nxe7 14. 
Rfe1 Qe8 15. c4 Ng6 16. Ng3 Rxf3 17. gxf3 Qf7 18. Qe3 Rf8 19. Qe4 d5 20. 
cxd5 exd5 21. Qe3 Nh4 22. f4 Bg4 23. Rec1 c6 24. Kf1 Re8 25. Qd3 Qxf4 26. 
Rab1 Rf8 0-1

[Event "Premier Quad, S40369"]
[Site "CCLA"]
[Date "2014.11.03"]
[Round "?"]
[White "Sereni, Vincent T."]
[Black "Parenteau, Mike"]
[Result "1-0"]
[WhiteElo "2118"]
[BlackElo "1651"]

1. d4 f5 2. Nf3 Nf6 3. Bf4 g6 4. e3 Bg7 5. Nc3 O-O 6. h3 d6 7. Bd3 Qe8 8. 
O-O Nbd7 9. a4 c6 10. Bh2 d5 11. Ne2 Ne4 12. c4 e5 13. cxd5 cxd5 14. dxe5 
Nxe5 15. Bxe4 dxe4 16. Nxe5 Bxe5 17. Qd5+ Qe6 18. Qxe5 Qxe5 19. Bxe5 b6 
20. Rfc1 Ba6 21. Nf4 Rfe8 22. Bd4 Bb7 23. Rc7 1-0

[Event "Regular Quad, S40239"]
[Site "CCLA"]
[Date "2014.07.28"]
[Round "?"]
[White "Miller, Allan A."]
[Black "McLaughlin, Ed"]
[Result "1-0"]
[WhiteElo "1563"]
[BlackElo "1561"]

1. d4 f5 2. Nf3 Nf6 3. Bg5 e6 4. e3 Be7 5. Bxf6 Bxf6 6. c3 O-O 7. Na3 Nc6 
8. Nc4 d6 9. Qc2 b5 10. Ncd2 a6 11. Bd3 Bb7 12. h3 Ne7 13. Rg1 g6 14. Ke2 
c5 15. dxc5 dxc5 16. c4 Qb6 17. Rac1 b4 18. g4 Kh8 19. e4 Bg7 20. Rg3 Rad8
21. gxf5 exf5 22. Rcg1 Qe6 23. Kf1 f4 24. Ng5 Qe5 25. Ndf3 Qxb2 26. Rg4 
Bc8 27. Rh4 h6 28. Qxb2 Bxb2 29. Rxh6+ Kg8 30. Bc2 Rd6 31. e5 Rb6 32. e6 
Bxe6 33. Nxe6 Rxe6 34. Bxg6 Bg7 35. Bh7+ 1-0

[Event "Winter Server Series, S40011"]
[Site "CCLA"]
[Date "2014.01.27"]
[Round "?"]
[White "Quirk, Michael"]
[Black "Cross, Gregory W."]
[Result "1/2-1/2"]
[WhiteElo "2205"]
[BlackElo "2172"]

1. d4 f5 2. g3 Nf6 3. Bg2 g6 4. Nf3 Bg7 5. O-O O-O 6. b3 d6 7. Bb2 Ne4 8. 
Nbd2 Nc6 9. Ne1 d5 10. f3 Nf6 11. Nd3 Bh6 12. f4 Ng4 13. Rf3 Bg7 14. e3 a5
15. c4 Be6 16. Nc5 Bc8 17. a3 e6 18. Qc2 b6 19. Nd3 Bb7 20. cxd5 Ne7 21. 
h3 Nxd5 22. Re1 Ngxe3 23. Rfxe3 Nxe3 24. Rxe3 Bxd4 25. Bxd4 Qxd4 26. Nf1 
Bxg2 27. Qxg2 a4 28. b4 Qd5 1/2-1/2

[Event "Regular Quad, S40449"]
[Site "CCLA"]
[Date "2014.12.19"]
[Round "?"]
[White "Strelecky, Rich"]
[Black "Berger, Byron"]
[Result "1/2-1/2"]
[WhiteElo "1584"]
[BlackElo "1516"]

1. d4 f5 2. g3 Nf6 3. Bg2 e6 4. Nf3 d6 5. O-O Be7 6. Re1 O-O 7. Nc3 Nbd7 
8. Bf4 Ne4 9. Nxe4 fxe4 10. Nd2 d5 11. Bh3 Nf6 12. Be3 Bd6 13. c4 c6 14. 
c5 Bc7 15. f4 exf3 16. exf3 e5 17. Bg2 exd4 18. Bxd4 Bf5 19. Qb3 b6 20. 
Qc3 bxc5 21. Bxc5 Bd6 22. Rac1 Rb8 23. Bxa7 Bb4 24. Qd4 Rb7 25. Bc5 Bxc5 
26. Rxc5 Qb6 27. Nb3 Ra8 28. Ra1 Rba7 29. Rc3 Qb7 30. a4 Nd7 31. f4 Nb6 
32. Nc5 Qe7 33. Qe5 Qxe5 34. fxe5 Nc4 35. Rf1 Bg6 36. b3 Nxe5 37. Rf4 Rc8 
38. b4 Rb8 39. a5 Bf7 40. a6 Kf8 41. Rf5 Nc4 42. Rb3 Ke7 43. b5 Kd6 44. 
bxc6 Rxb3 45. Nxb3 Kxc6 46. Nd4+ Kc5 47. Rf4 Bg6 48. Nb3+ Kd6 49. Rf8 Be4 
50. Bxe4 dxe4 51. Rd8+ Kc7 52. Re8 e3 53. Re4 Nd2 54. Rxe3 Nxb3 55. Rc3+ 
Nc5 56. Rxc5+ Kb6 57. Re5 1/2-1/2

[Event "Regular Quad, S40419"]
[Site "CCLA"]
[Date "2014.12.01"]
[Round "?"]
[White "Miller, Allan A."]
[Black "Strelecky, Rich"]
[Result "1-0"]
[WhiteElo "1563"]
[BlackElo "1584"]

1. d4 f5 2. e4 fxe4 3. Nc3 Nf6 4. Bg5 c6 5. Bxf6 exf6 6. Nxe4 d5 7. Ng3 
Bd6 8. Bd3 Be6 9. Qe2 Qe7 10. Nf5 Bxf5 11. Qxe7+ Bxe7 12. Bxf5 g6 13. Bd3 
Nd7 14. Nf3 O-O 15. Kd2 Rfe8 16. Rae1 Bb4+ 17. c3 Ba5 18. Rxe8+ Rxe8 19. 
Re1 Rxe1 20. Nxe1 f5 21. Ke3 a6 22. Nf3 Bd8 23. Ne5 Nf6 24. f3 Kg7 25. g3 
Bc7 26. Bc2 h5 27. b4 a5 28. a3 Ne8 29. Bd3 Nd6 30. Be2 axb4 31. axb4 g5 
32. Bd3 Kf6 33. Be2 Ke6 34. h3 f4+ 35. gxf4 Nf5+ 36. Kf2 gxf4 37. Nd3 b6 
38. Bd1 Kd7 39. Ba4 b5 40. Nc5+ Kc8 41. Bb3 Bd6 42. Bc2 Ne3 43. Bb3 Bxc5 
44. dxc5 h4 45. Ke2 Kd7 46. Ba2 Ke6 47. Bb1 Kf7 48. Bh7 Nc4 49. Bf5 Ne5 
50. Bb1 Ke6 51. Bc2 Kf6 52. Bb1 Nf7 53. Kf2 Ng5 54. Kg2 Ne6 55. Kf2 d4 56.
 cxd4 Nxd4 57. Be4 Ke6 58. Ke1 Kd7 59. Kd2 Kc7 60. Kd1 Ne6 61. Bf5 Nd4 62.
 Bg4 Kd8 63. Kd2 Ke7 64. Kd3 Nb3 65. Ke4 Nc1 66. Bf5 Na2 67. Kxf4 Nxb4 68.
 Be4 Kd7 69. Kg5 Na6 70. Kxh4 Nxc5 71. Bg6 b4 72. Kg5 b3 73. Kf6 Na4 74. 
h4 b2 75. h5 Nc3 76. h6 Nd5+ 77. Kf7 Ne7 78. Bb1 c5 79. h7 1-0

[Event "Regular Quad, S40399"]
[Site "CCLA"]
[Date "2014.11.24"]
[Round "?"]
[White "Miller, Allan A."]
[Black "Berger, Byron"]
[Result "0-1"]
[WhiteElo "1563"]
[BlackElo "1516"]

1. d4 f5 2. e4 fxe4 3. Nc3 Nf6 4. Bg5 Nc6 5. Bxf6 exf6 6. Nxe4 Qe7 7. Qe2 
Nxd4 8. Qd3 d5 9. Qxd4 Qxe4+ 10. Qxe4+ dxe4 11. O-O-O Bc5 12. f3 e3 13. 
Rd5 Bb6 14. a3 O-O 15. Bd3 Re8 16. Ne2 Be6 17. Rh5 g6 18. Rh4 Rad8 19. Re1
Bd5 20. Nf4 g5 21. Rxh7 gxf4 0-1

[Event "Herbert W. Gustafson Memorial Open, S47089"]
[Site "CCLA"]
[Date "2014.10.27"]
[Round "?"]
[White "Capuzzi, Gabriele"]
[Black "Siegfried, Will"]
[Result "1-0"]
[WhiteElo "1775"]
[BlackElo "1714"]

1. d4 f5 2. e4 fxe4 3. Nc3 Nf6 4. Bg5 Nc6 5. d5 Ne5 6. Qd4 Nf7 7. Bxf6 
exf6 8. O-O-O g6 9. Qxe4+ Qe7 10. Re1 Qxe4 11. Nxe4 f5 12. Nd6+ Kd8 13. 
Nxf7# 1-0

[Event "Summer Server Series, S40061"]
[Site "CCLA"]
[Date "2014.07.28"]
[Round "?"]
[White "Capuzzi, Gabriele"]
[Black "Anderson, Clarence"]
[Result "1-0"]
[WhiteElo "1775"]
[BlackElo "1798"]

1. d4 f5 2. e4 fxe4 3. Nc3 Nf6 4. Bg5 Nc6 5. d5 Ne5 6. Qd4 Nf7 7. h4 c6 8.
 O-O-O Qb6 9. Bxf6 gxf6 10. Qxe4 Qxf2 11. Nf3 Bh6+ 12. Kb1 Qe3 13. Qa4 Qf4
14. Qb3 a5 15. Qb6 Qe3 16. Qxe3 Bxe3 17. dxc6 dxc6 18. Bd3 Bg4 19. Rde1 
Bf2 20. Re2 Ba7 21. Rf1 Ne5 22. Be4 O-O-O 23. Kc1 Nc4 24. Nd1 Bb8 25. c3 
Bf4+ 26. Kc2 f5 27. Bd3 Ne5 28. Nxe5 Bxe2 29. Rxf4 Bxd3+ 30. Nxd3 Rhg8 31.
 Ne3 e6 32. g4 fxg4 33. Nxg4 Rdf8 34. Re4 h5 35. Nge5 Rg2+ 36. Kb3 Rd8 37.
 a4 Rh2 38. Kc4 Kc7 39. b4 b5+ 40. axb5 a4 41. Nxc6 a3 42. Nxd8 1-0

[Event "Winter Server Series, S40021"]
[Site "CCLA"]
[Date "2014.01.27"]
[Round "?"]
[White "Capuzzi, Gabriele"]
[Black "Anderson, Clarence"]
[Result "0-1"]
[WhiteElo "1775"]
[BlackElo "1798"]

1. d4 f5 2. c4 Nf6 3. Nc3 e6 4. Qc2 b6 5. e4 fxe4 6. Nxe4 Bb7 7. Ng5 Bb4+ 
8. Bd2 Qe7 9. O-O-O Bxd2+ 10. Qxd2 O-O 11. f3 c5 12. Ne2 d5 13. Nf4 cxd4 
14. Ngxe6 Rc8 15. Qxd4 Nc6 16. Qf2 Na5 17. Kb1 dxc4 18. Rc1 b5 19. Qd2 b4 
20. Be2 Ba6 21. Rhe1 c3 22. Qc2 Bxe2 23. Rxe2 Nc4 24. Qf5 cxb2 25. Rd1 b3 
26. Rd3 Qa3 0-1

[Event "Herbert W. Gustafson Memorial, S47159"]
[Site "CCLA"]
[Date "2014.10.27"]
[Round "?"]
[White "Cangelosi, Dominic"]
[Black "Mueller, Anthony"]
[Result "1-0"]
[WhiteElo "1415"]
[BlackElo "1367"]

1. d4 f5 2. c4 e6 3. Nc3 Nf6 4. Nf3 Be7 5. Bf4 O-O 6. g3 Nc6 7. Bg2 b6 8. 
O-O Bb7 9. Ne5 Nxe5 10. Bxb7 Nxc4 11. Bxa8 Qxa8 12. Qc2 Nh5 13. Bxc7 Qc6 
14. Be5 Nxe5 15. dxe5 f4 16. g4 f3 17. gxh5 fxe2 18. Qxe2 Rf5 19. f4 d6 
20. exd6 Bxd6 21. Qxe6+ Rf7 22. Ne4 Bc5+ 23. Nxc5 Qxe6 24. Nxe6 1-0

[Event "Regular Quad, S40239"]
[Site "CCLA"]
[Date "2014.07.28"]
[Round "?"]
[White "Verbera, Marcos"]
[Black "McLaughlin, Ed"]
[Result "0-1"]
[WhiteElo "1281"]
[BlackElo "1561"]

1. d4 f5 2. c4 Nf6 3. Nf3 e6 4. Nc3 b6 5. Bg5 Be7 6. e3 O-O 7. Bf4 Bb7 8. 
Be2 Nc6 9. O-O d6 10. Qd2 Nh5 11. Rad1 Nxf4 12. exf4 Bf6 13. d5 Ne7 14. 
Nd4 exd5 15. Ne6 Qd7 16. Nxf8 Kxf8 17. Bf3 Ba6 0-1

[Event "Regular Quad, S40469"]
[Site "CCLA"]
[Date "2014.12.29"]
[Round "?"]
[White "Stevenson, Wayne"]
[Black "Acosta, Errol"]
[Result "1-0"]
[WhiteElo "1540"]
[BlackElo "1365"]

1. d4 e6 2. c4 f5 3. Nc3 Nf6 4. Nf3 Be7 5. Qc2 O-O 6. e3 d6 7. Bd3 c6 8. 
b3 a5 9. Na4 Na6 10. Ba3 Nb4 11. Bxb4 axb4 12. O-O Ra5 13. a3 e5 14. dxe5 
dxe5 15. Be2 bxa3 16. Rfd1 Qc7 17. c5 Nd5 18. Bc4 Be6 19. b4 Rxa4 20. Qxa4
Bf7 21. Rxa3 e4 22. Nd4 f4 23. Nf5 Bh5 24. Bxd5+ Kh8 25. Bxe4 Bxd1 26. 
Qxd1 Bf6 27. Nd6 Rd8 28. Qh5 g6 29. Bxg6 Rxd6 30. cxd6 Qd7 31. Ra8+ 1-0

[Event "Open Server Series, S40179"]
[Site "CCLA"]
[Date "2014.06.02"]
[Round "?"]
[White "Disque, Philip"]
[Black "Smail, John"]
[Result "1/2-1/2"]
[WhiteElo "1669"]
[BlackElo "1836"]

1. Nf3 e6 2. c4 f5 3. d4 Nf6 4. Nc3 Bb4 5. Bd2 c5 6. e3 O-O 7. Bd3 d6 8. 
Qc2 Nc6 9. O-O-O a6 10. h3 Bxc3 11. Bxc3 b5 12. b3 Nb4 13. Bxb4 cxb4 14. 
Nd2 Bb7 15. f3 Rc8 16. Kb2 Nd5 17. Rde1 Qb6 18. Kb1 Ne7 19. Qb2 Nc6 20. f4
d5 21. c5 Qd8 22. Nf3 Qe8 23. g4 g6 24. g5 Rf7 25. h4 Rg7 26. Rh3 Kf7 27. 
Reh1 Ke7 28. Qd2 Kd7 29. Ne5+ Nxe5 30. fxe5 Qd8 31. Qxb4 Bc6 32. Qd2 Rb8 
33. b4 Kc8 34. Kb2 a5 35. a3 axb4 36. axb4 Ra7 37. Ra1 Rxa1 38. Kxa1 Qe7 
39. Qb2 Ra8+ 1/2-1/2

[Event "Herbert W. Gustafson Memorial Open, S47089"]
[Site "CCLA"]
[Date "2014.10.27"]
[Round "?"]
[White "Gerber, David F."]
[Black "Siegfried, Will"]
[Result "0-1"]
[WhiteElo "1731"]
[BlackElo "1714"]

1. c4 f5 2. Nf3 Nf6 3. g3 g6 4. d4 d6 5. Bg2 Bg7 6. O-O O-O 7. Nc3 Qe8 8. 
b3 Nc6 9. Ba3 Ne4 10. Nd5 Qd8 11. e3 e6 12. Nf4 Re8 13. Rc1 e5 14. Ne2 
exd4 15. exd4 d5 16. cxd5 Qxd5 17. Qc2 Bd7 18. Bb2 Qd6 19. Rfd1 Rac8 20. 
a3 Ne7 21. Ne5 Bc6 22. f3 Nf6 23. Nxc6 Nxc6 24. b4 Nd5 25. Rd2 Re3 26. Qc4
Re6 27. Nf4 Nxf4 28. gxf4 Ne7 29. Re1 Nd5 30. Re5 Nxf4 31. Rxe6 Qxe6 32. 
Qxe6+ Nxe6 33. Bf1 Kf8 34. Bc4 Re8 35. Kf2 c6 36. Bb3 Nc7 37. Bc4 Bf6 38. 
Kf1 Re3 39. Rd3 Rxd3 40. Bxd3 Ne6 41. Ke2 Bxd4 42. Bxd4 Nxd4+ 43. Ke3 Ne6 
44. Bc4 Ke7 45. f4 b6 46. h4 c5 0-1

[Event "Herbert W. Gustafson Memorial Open, S47099"]
[Site "CCLA"]
[Date "2014.10.27"]
[Round "?"]
[White "Avery, Bryce"]
[Black "Parenteau, Mike"]
[Result "0-1"]
[WhiteElo "1663"]
[BlackElo "1651"]

1. d4 f5 2. c4 Nf6 3. Nc3 g6 4. g3 Bg7 5. Bg2 O-O 6. Nf3 d6 7. O-O Qe8 8. 
Qc2 c6 9. b4 e5 10. dxe5 dxe5 11. Bb2 e4 12. Nd2 h6 13. e3 Kh7 14. Rfd1 
Nfd7 15. b5 Nc5 16. Bf1 Nbd7 17. Nb3 Nd3 18. Bxd3 exd3 19. Qxd3 Ne5 20. 
Qe2 f4 21. exf4 Bg4 22. Qc2 Bxd1 23. Nxd1 Nf3+ 24. Kg2 Ne1+ 0-1

[Event "NA Master/Expert Server Championship, S40099"]
[Site "CCLA"]
[Date "2014.04.30"]
[Round "?"]
[White "McLaughlin, James"]
[Black "Cross, Gregory W."]
[Result "1/2-1/2"]
[WhiteElo "2046"]
[BlackElo "2207"]

1. d4 f5 2. c4 Nf6 3. Nf3 g6 4. g3 Bg7 5. Bg2 O-O 6. O-O d6 7. Nc3 Qe8 8. 
d5 Na6 9. Rb1 Bd7 10. b4 c6 11. dxc6 bxc6 12. b5 cxb5 13. cxb5 Nc5 14. a4 
Rc8 15. Bb2 h6 16. Nd4 Qf7 17. Nc6 Bxc6 18. Bxc6 Ng4 19. a5 f4 20. Bg2 e6 
21. h3 Ne5 22. Na4 Nxa4 23. Qxa4 Nc4 24. Bxg7 Qxg7 25. gxf4 Qf7 26. Rbc1 
d5 27. e3 Qd7 28. Qb4 Rb8 29. Rb1 Nd6 30. b6 axb6 31. a6 b5 1/2-1/2